[Event "Wch Juvenil 2013 sub-14"]
[Site "Al-Ain UAE"]
[Date "2013.12.19"]
[Round "2.53"]
[White "Xu, Minghui"]
[Black "Pitkar, Ashutosh"]
[Result "1-0"]
[WhiteElo "2121"]
[BlackElo "1613"]
[PlyCount "99"]
[EventDate "2013.12.19"]
[EventType "swiss"]
[EventRounds "11"]
[EventCountry "UAE"]
[Source "lmi"]
[SourceDate "2013.12.19"]

1. e4 c5 2. Nf3 d6 3. d4 cxd4 4. Nxd4 Nf6 5. Nc3 Nc6 6. Bc4 Qb6 7. Nb3 e6 8.
Be3 Qc7 9. Nb5 Qb8 10. Nc3 Be7 11. Qe2 Qc7 12. O-O-O a6 13. Nd4 O-O 14. Bb3 b5
15. g4 b4 16. Na4 Nxe4 17. Nxe6 Bxe6 18. Bb6 Bg5+ 19. Kb1 Qe7 20. Qxe4 Bxb3 21.
Qxe7 Bxc2+ 22. Kxc2 Bxe7 23. Kb3 Rac8 24. f4 Rfe8 25. Rhe1 Bf8 26. Bf2 d5 27.
Nb6 Rxe1 28. Bxe1 Re8 29. Nxd5 Re2 30. Nxb4 Nxb4 31. Bxb4 Bxb4 32. Kxb4 g6 33.
Ka3 Rxh2 34. Rd6 a5 35. g5 Rf2 36. Ra6 Rxf4 37. Rxa5 h5 38. gxh6 Kh7 39. b4
Kxh6 40. Rd5 g5 41. b5 Rf6 42. Kb4 g4 43. a4 g3 44. Rd1 Rg6 45. a5 f5 46. a6 f4
47. a7 Rg8 48. b6 f3 49. b7 g2 50. b8=Q 1-0

[Event "Wch Juvenil 2013 sub-14"]
[Site "Al-Ain UAE"]
[Date "2013.12.19"]
[Round "2.54"]
[White "Agulhas, Keegan"]
[Black "Zajic, Milan"]
[Result "0-1"]
[WhiteElo "1616"]
[BlackElo "2340"]
[PlyCount "112"]
[EventDate "2013.12.19"]
[EventType "swiss"]
[EventRounds "11"]
[EventCountry "UAE"]
[Source "lmi"]
[SourceDate "2013.12.19"]

1. e4 e6 2. d4 d5 3. Nc3 Bb4 4. exd5 exd5 5. Bd3 Nc6 6. Nge2 Nge7 7. O-O O-O 8.
Bg5 f6 9. Bf4 Nf5 10. Bxf5 Bxf5 11. Ng3 Bg6 12. Re1 Qd7 13. h4 h6 14. a3 Ba5
15. b4 Bb6 16. Be3 Rfe8 17. h5 Bh7 18. Nce2 Qg4 19. c3 Ne7 20. Nf4 Qd7 21. Bd2
c6 22. Qf3 Bc7 23. Re2 Nf5 24. Rae1 Nxg3 25. Rxe8+ Rxe8 26. Rxe8+ Qxe8 27. fxg3
Qd7 28. Qe3 Be4 29. Qe2 Kf7 30. Kh2 Qf5 31. Kg1 Qd7 32. Kh2 Qf5 33. Kg1 Bd6 34.
Kh2 Qg5 35. Be3 Bf5 36. Bd2 Bg4 37. Qe3 Bxf4 38. Qxf4 Qxh5+ 39. Kg1 Bf5 40. Kf2
Be4 41. Qc7+ Kg6 42. Qf4 Qh1 43. Qg4+ Kh7 44. Qh3 Qd1 45. Bxh6 gxh6 46. Qd7+
Kg6 47. Qe8+ Kg5 48. Qg8+ Bg6 49. Qb8 Qd2+ 50. Kg1 Qe3+ 51. Kh2 Kg4 52. a4 h5
53. Kh1 h4 54. Qc8+ f5 55. Qg8 Qe1+ 56. Kh2 hxg3# 0-1

[Event "Wch Juvenil 2013 sub-14"]
[Site "Al-Ain UAE"]
[Date "2013.12.19"]
[Round "2.55"]
[White "Katsande, Nyasha"]
[Black "Fedotov, Nikita"]
[Result "0-1"]
[WhiteElo "1593"]
[BlackElo "2045"]
[PlyCount "102"]
[EventDate "2013.12.19"]
[EventType "swiss"]
[EventRounds "11"]
[EventCountry "UAE"]
[Source "lmi"]
[SourceDate "2013.12.19"]

1. e4 c5 2. Nc3 Nc6 3. f4 g6 4. Nf3 Bg7 5. Bc4 e6 6. f5 Nge7 7. fxe6 dxe6 8. d3
O-O 9. O-O Nd4 10. Bg5 a6 11. a4 Qc7 12. Qd2 Nec6 13. Bh6 f6 14. Bf4 Qe7 15.
Nd1 Kh8 16. c3 Nxf3+ 17. Rxf3 Bd7 18. Ne3 Rad8 19. Re1 Be8 20. Kh1 g5 21. Bg3
Bg6 22. Qc1 Qd7 23. Rff1 Na5 24. Rd1 Nxc4 25. Nxc4 b5 26. axb5 axb5 27. Ne3 Qc6
28. Nc2 h6 29. Qe3 Rd7 30. Bf2 Rc8 31. Kg1 f5 32. exf5 exf5 33. Ne1 f4 34. Qc1
Rcd8 35. Rd2 Bh5 36. Qc2 Re8 37. Qc1 Be2 38. Nf3 Bxf1 39. Qxf1 b4 40. Rc2 bxc3
41. bxc3 Red8 42. Ne1 Re8 43. Nf3 Qd5 44. d4 g4 45. Nh4 Qe4 46. Rd2 cxd4 47.
cxd4 Bxd4 48. Ng6+ Kh7 49. Nxf4 Qxf4 50. Qd3+ Qe4 51. Bxd4 Rxd4 0-1

[Event "Wch Juvenil 2013 sub-14"]
[Site "Al-Ain UAE"]
[Date "2013.12.19"]
[Round "2.56"]
[White "Virtanen, Teemu"]
[Black "Khadka, Mahesh"]
[Result "1-0"]
[WhiteElo "1936"]
[BlackElo "1655"]
[PlyCount "71"]
[EventDate "2013.12.19"]
[EventType "swiss"]
[EventRounds "11"]
[EventCountry "UAE"]
[Source "lmi"]
[SourceDate "2013.12.19"]

1. c4 e5 2. g3 Nf6 3. Bg2 Nc6 4. Nc3 d6 5. d3 Be6 6. Nf3 d5 7. Ng5 Bc5 8. O-O
O-O 9. cxd5 Nxd5 10. Nxe6 fxe6 11. Ne4 Bb6 12. Bg5 Qe8 13. Rc1 h6 14. Bd2 Qe7
15. Qa4 Rad8 16. a3 Nd4 17. Rfe1 c6 18. b4 Qf7 19. Qd1 Nb5 20. Rf1 Nxa3 21. Nc5
Nb5 22. Bh3 Rde8 23. e4 Nf6 24. Be3 Bd8 25. Qb3 Nc7 26. Qd1 b6 27. Nb3 Qd7 28.
f4 exf4 29. Bxf4 Qe7 30. Rxc6 e5 31. Bd2 Nb5 32. Qc2 Bc7 33. Qc4+ Kh7 34. Qxb5
Rd8 35. Qc4 Bd6 36. b5 1-0

[Event "Wch Juvenil 2013 sub-14"]
[Site "Al-Ain UAE"]
[Date "2013.12.19"]
[Round "2.57"]
[White "Liao, Jo-Kai"]
[Black "Manukyan, Artyom"]
[Result "0-1"]
[WhiteElo "1571"]
[BlackElo "1890"]
[PlyCount "88"]
[EventDate "2013.12.19"]
[EventType "swiss"]
[EventRounds "11"]
[EventCountry "UAE"]
[Source "lmi"]
[SourceDate "2013.12.19"]

1. e4 e5 2. Nf3 Nc6 3. d4 exd4 4. Bc4 Bc5 5. c3 Nf6 6. e5 d5 7. Bb5 Ne4 8.
Bxc6+ bxc6 9. cxd4 Bb6 10. Be3 Ba6 11. Nc3 Nxc3 12. bxc3 O-O 13. Ng1 Qh4 14.
Ne2 Qg4 15. Ng3 Qxd1+ 16. Rxd1 Ba5 17. Kd2 Rab8 18. Rb1 Bc4 19. a3 Ba2 20. Rxb8
Rxb8 21. Kc2 Bb3+ 22. Kd2 Ba4 23. Rc1 Rb3 24. Ne2 Rxa3 25. Rb1 Ra2+ 26. Ke1 Bb5
27. Bd2 h6 28. Nf4 a6 29. f3 Ra3 30. Rc1 Bc4 31. h4 Bb6 32. g4 c5 33. dxc5 Bxc5
34. g5 hxg5 35. hxg5 g6 36. e6 fxe6 37. Nxe6 Bd6 38. Nd4 c5 39. Nc2 Ra2 40. Ne3
Bg3+ 41. Kd1 Bb3+ 42. Nc2 d4 43. cxd4 cxd4 44. Ke2 Bxc2 0-1

[Event "Wch Juvenil 2013 sub-14"]
[Site "Al-Ain UAE"]
[Date "2013.12.19"]
[Round "2.58"]
[White "Al Hamed, Saif Idrees"]
[Black "Turar, Dastan"]
[Result "0-1"]
[WhiteElo "1558"]
[BlackElo "1890"]
[PlyCount "84"]
[EventDate "2013.12.19"]
[EventType "swiss"]
[EventRounds "11"]
[EventCountry "UAE"]
[Source "lmi"]
[SourceDate "2013.12.19"]

1. e4 e6 2. d4 d5 3. Nc3 Bb4 4. a3 Bxc3+ 5. bxc3 dxe4 6. Qg4 Nf6 7. Qxg7 Rg8 8.
Qh6 Rg6 9. Qe3 c5 10. Ne2 Nc6 11. g3 Qa5 12. Bg2 cxd4 13. Nxd4 Nd5 14. Nxc6
bxc6 15. Qd4 c5 16. Qh8+ Ke7 17. Bd2 Nf6 18. c4 Qa4 19. Bc3 Qxc4 20. Bxf6+ Rxf6
21. O-O-O Bb7 22. Rd7+ Kxd7 23. Qxf6 Ke8 24. Rd1 Qa4 25. Qc3 Rc8 26. Bh3 Ke7
27. Kb1 f6 28. Kc1 Rc7 29. Kb1 Bd5 30. Kc1 Rc6 31. Qe3 c4 32. Qc3 Ra6 33. Kb2
Kf7 34. Rd2 Rb6+ 35. Ka2 Qb5 36. Rd1 a5 37. Bf1 a4 38. Be2 Qb2+ 39. Qxb2 c3+
40. Kb1 Rxb2+ 41. Kc1 Ba2 42. Bh5+ Ke7 0-1

[Event "Wch Juvenil 2013 sub-14"]
[Site "Al-Ain UAE"]
[Date "2013.12.19"]
[Round "2.59"]
[White "Yu, Wenlu"]
[Black "Abdulla, Al-Hamed"]
[Result "1-0"]
[WhiteElo "1862"]
[PlyCount "59"]
[EventDate "2013.12.19"]
[EventType "swiss"]
[EventRounds "11"]
[EventCountry "UAE"]
[Source "lmi"]
[SourceDate "2013.12.19"]
[BlackElo "1627"]

1. e4 e5 2. Nf3 Nc6 3. Bb5 a6 4. Ba4 Nf6 5. O-O b5 6. Bb3 Be7 7. Re1 d6 8. c3
O-O 9. h3 h6 10. d3 Re8 11. Nbd2 Bf8 12. Nf1 Ne7 13. Nh4 d5 14. Qf3 g5 15. Qxf6
Bg7 16. Qf3 gxh4 17. exd5 Bf5 18. Ne3 Bg6 19. a4 Qd6 20. Bc2 c6 21. dxc6 Nxc6
22. Ng4 Bh7 23. Bb3 Kh8 24. Bxf7 Rf8 25. axb5 Ne7 26. Rxa6 Rxa6 27. bxa6 Qxa6
28. Nxe5 Bxe5 29. Rxe5 Qd6 30. Re6 1-0

[Event "Wch Juvenil 2013 sub-14"]
[Site "Al-Ain UAE"]
[Date "2013.12.19"]
[Round "2.60"]
[White "Doluweera, Minul Sanjula"]
[Black "Roos, Daniel"]
[Result "1-0"]
[WhiteElo "1857"]
[BlackElo "1597"]
[PlyCount "103"]
[EventDate "2013.12.19"]
[EventType "swiss"]
[EventRounds "11"]
[EventCountry "UAE"]
[Source "lmi"]
[SourceDate "2013.12.19"]

1. d4 Nf6 2. Nf3 d5 3. c4 g6 4. cxd5 Nxd5 5. e4 Nf6 6. Nc3 Bg7 7. h3 Nc6 8. Be3
e6 9. Be2 Ne7 10. O-O O-O 11. Qd2 b6 12. Rfd1 Bb7 13. e5 Nfd5 14. Bh6 Bxh6 15.
Qxh6 Nf5 16. Qd2 Kg7 17. g4 Nh4 18. Ne4 Nxf3+ 19. Bxf3 Qh4 20. Bg2 h5 21. f3
Ne7 22. Nf6 Nd5 23. Ne4 Ne7 24. Rac1 Bxe4 25. fxe4 c6 26. g5 Rfd8 27. Qe3 c5
28. dxc5 bxc5 29. Rf1 Rac8 30. Rf4 Rd3 31. Rxf7+ Kxf7 32. Rf1+ Kg7 33. Qxd3
Qxg5 34. Qf3 Rd8 35. Qf7+ Kh6 36. Kh1 Ng8 37. Qxe6 Rd2 38. Rg1 Qg3 39. Qxg8
Rxg2 40. Qh8+ Kg5 41. Qf6+ Kh6 42. Rxg2 Qxh3+ 43. Kg1 Qe3+ 44. Qf2 Qxe4 45. Rg3
Qb1+ 46. Kh2 Kg7 47. Qf6+ Kh7 48. Rf3 Qxb2+ 49. Rf2 Qd4 50. Qf7+ Kh8 51. Qf8+
Kh7 52. Rf7# 1-0

[Event "Wch Juvenil 2013 sub-14"]
[Site "Al-Ain UAE"]
[Date "2013.12.19"]
[Round "2.73"]
[White "Gvenetadze, Davit"]
[Black "Abdullatif, Hassan"]
[Result "1-0"]
[WhiteElo "1801"]
[BlackElo "1399"]
[PlyCount "65"]
[EventDate "2013.12.19"]
[EventType "swiss"]
[EventRounds "11"]
[EventCountry "UAE"]
[Source "lmi"]
[SourceDate "2013.12.19"]

1. e4 d6 2. d4 Nf6 3. Nc3 Nbd7 4. Be3 e5 5. d5 Be7 6. f3 O-O 7. Qd2 c6 8. O-O-O
cxd5 9. exd5 a6 10. Bc4 b5 11. Bb3 Qc7 12. g4 Rb8 13. g5 Nh5 14. Kb1 a5 15. a4
bxa4 16. Nxa4 Ba6 17. Ne2 Bc4 18. Bxc4 Qxc4 19. Nec3 Rfc8 20. Rhg1 g6 21. Rde1
Qb4 22. b3 Nc5 23. Bxc5 dxc5 24. Re4 c4 25. Rgg4 Nf4 26. Nb2 Nxd5 27. Qxd5 Qxc3
28. Rxc4 Rxc4 29. Rxc4 Qe1+ 30. Ka2 Bxg5 31. Nd3 Rd8 32. Qxd8+ Bxd8 33. Nxe1
1-0

[Event "Wch Juvenil 2013 sub-14"]
[Site "Al-Ain UAE"]
[Date "2013.12.19"]
[Round "2.74"]
[White "Bennett, Rhys"]
[Black "Ip, Seng Tou"]
[Result "1-0"]
[WhiteElo "1784"]
[BlackElo "1372"]
[PlyCount "39"]
[EventDate "2013.12.19"]
[EventType "swiss"]
[EventRounds "11"]
[EventCountry "UAE"]
[Source "lmi"]
[SourceDate "2013.12.19"]

1. e4 e5 2. Nf3 Nc6 3. d4 exd4 4. Nxd4 Bc5 5. Nb3 Bb6 6. Nc3 Qf6 7. Qe2 Nd4 8.
Nxd4 Bxd4 9. Nd5 Qc6 10. c3 Bb6 11. Bg5 Qg6 12. Be3 Bxe3 13. Qxe3 Qc6 14. Qg5
f5 15. Qxg7 fxe4 16. Rd1 Nf6 17. Nxf6+ Kd8 18. Qxh8+ Ke7 19. Nd5+ Ke6 20. Qf6#
1-0

[Event "Wch Juvenil 2013 sub-14"]
[Site "Al-Ain UAE"]
[Date "2013.12.19"]
[Round "2.75"]
[White "Dolinar, Matic"]
[Black "Ali, Abdulaziz"]
[Result "0-1"]
[WhiteElo "1770"]
[BlackElo "1739"]
[PlyCount "80"]
[EventDate "2013.12.19"]
[EventType "swiss"]
[EventRounds "11"]
[EventCountry "UAE"]
[Source "lmi"]
[SourceDate "2013.12.19"]

1. e4 c5 2. Nc3 Nc6 3. g3 g6 4. Bg2 Bg7 5. d3 d6 6. Be3 e5 7. f4 b6 8. Nge2
Nge7 9. O-O O-O 10. Qd2 f5 11. a4 Bb7 12. fxe5 dxe5 13. Bg5 Qd7 14. Bh3 Nd4 15.
Nd1 Rf7 16. Ne3 Bxe4 17. Nxd4 Qxd4 18. Rad1 Bc6 19. c3 Qd7 20. b3 h6 21. Bxe7
Qxe7 22. Nc4 Rd8 23. Qe2 Qc7 24. Bg2 Bxg2 25. Qxg2 Rfd7 26. Qe2 Kh7 27. g4 fxg4
28. Qe4 Qb7 29. Qxg4 Rxd3 30. Rxd3 Rxd3 31. Qe6 Qe4 32. Qf7 Qg4+ 33. Kh1 Rd7
34. Qe8 Rd1 35. Qf7 Rxf1+ 36. Qxf1 e4 37. Nd6 e3 38. Nb5 e2 39. Qe1 Qf3+ 40.
Kg1 a6 0-1

[Event "Wch Juvenil 2013 sub-14"]
[Site "Al-Ain UAE"]
[Date "2013.12.19"]
[Round "2.79"]
[White "Kellei, Ronnie"]
[Black "Cerniauskas, Markas"]
[Result "0-1"]
[BlackElo "1756"]
[PlyCount "84"]
[EventDate "2013.12.19"]
[EventType "swiss"]
[EventRounds "11"]
[EventCountry "UAE"]
[Source "lmi"]
[SourceDate "2013.12.19"]
[WhiteElo "1742"]

1. e4 e6 2. d4 d5 3. e5 c5 4. c3 Nc6 5. Nf3 Qb6 6. g3 Bd7 7. Bh3 cxd4 8. cxd4
Bb4+ 9. Nc3 Na5 10. O-O Bxc3 11. bxc3 Nc4 12. Re1 Ne7 13. Nd2 Bb5 14. Nxc4 Bxc4
15. Ba3 Qc7 16. Bxe7 Qxe7 17. Bf1 Bxf1 18. Rxf1 O-O 19. Qf3 Qa3 20. h4 Rfc8 21.
Rfc1 Rc4 22. Rc2 Rxd4 23. Rac1 Rc4 24. g4 Qa4 25. g5 Rxh4 26. Kg2 Qg4+ 27. Qxg4
Rxg4+ 28. Kf3 Rxg5 29. c4 Rxe5 30. cxd5 Rxd5 31. Rc8+ Rd8 32. Rxa8 Rxa8 33. Rb1
b6 34. Kg3 g6 35. f4 Kg7 36. Kh4 Rc8 37. Rb4 Rc2 38. a4 h6 39. Rb5 Rc3 40. a5
f5 41. axb6 Kf6 42. bxa7 g5+ 0-1

[Event "Wch Juvenil 2013 sub-14"]
[Site "Al-Ain UAE"]
[Date "2013.12.20"]
[Round "3.1"]
[White "Gledura, Benjamin"]
[Black "Acsinte, Matei-Ionut"]
[Result "1-0"]
[WhiteElo "2399"]
[BlackElo "2094"]
[PlyCount "133"]
[EventDate "2013.12.19"]
[EventType "swiss"]
[EventRounds "11"]
[EventCountry "UAE"]
[Source "lmi"]
[SourceDate "2013.12.19"]

1. b3 e5 2. Bb2 Nc6 3. e3 d6 4. d4 g6 5. dxe5 dxe5 6. Qxd8+ Kxd8 7. Nc3 Be6 8.
O-O-O+ Ke8 9. Bb5 Nf6 10. Nf3 Bd6 11. Ng5 Ke7 12. Nxe6 fxe6 13. Bxc6 bxc6 14.
f3 h5 15. Na4 g5 16. c4 Nd7 17. h3 Raf8 18. Nc3 Nf6 19. Na4 Nd7 20. Rd2 Rhg8
21. Kc2 Rf7 22. Rhd1 c5 23. Nc3 g4 24. fxg4 hxg4 25. Ne4 gxh3 26. gxh3 Nf6 27.
Nxf6 Rxf6 28. Bxe5 Rf3 29. Bxd6+ cxd6 30. Rxd6 Rxe3 31. R6d3 Rg2+ 32. R1d2 Rxd3
33. Rxg2 Rxh3 34. Rg7+ Kd6 35. Rxa7 Ke5 36. Rd7 Ke4 37. a4 Rh2+ 38. Rd2 Rh1 39.
Re2+ Kd4 40. Rxe6 Rh2+ 41. Kd1 Kd3 42. Rd6+ Kc3 43. Rb6 Ra2 44. Ke1 Kd3 45. Kf1
Ke3 46. Rh6 Rb2 47. Rh3+ Kd4 48. Ke1 Rg2 49. Kd1 Rf2 50. Kc1 Rf1+ 51. Kb2 Rf2+
52. Ka3 Rf1 53. a5 Ra1+ 54. Kb2 Rxa5 55. Rh5 Kd3 56. Rd5+ Ke4 57. Kc3 Ke3 58.
Re5+ Kf4 59. Re8 Kf5 60. Rb8 Ke6 61. Rb5 Rxb5 62. cxb5 Kd7 63. Kc4 Kd6 64. b6
Kc6 65. b7 Kxb7 66. Kxc5 Kc7 67. b4 1-0

[Event "Wch Juvenil 2013 sub-14"]
[Site "Al-Ain UAE"]
[Date "2013.12.20"]
[Round "3.2"]
[White "Muthaiah, Al"]
[Black "Rambaldi, Francesco"]
[Result "0-1"]
[WhiteElo "2092"]
[BlackElo "2385"]
[PlyCount "96"]
[EventDate "2013.12.19"]
[EventType "swiss"]
[EventRounds "11"]
[EventCountry "UAE"]
[Source "lmi"]
[SourceDate "2013.12.19"]

1. Nf3 Nf6 2. d4 g6 3. Bf4 Bg7 4. Nbd2 O-O 5. e4 c5 6. dxc5 Qa5 7. Bd3 Na6 8.
O-O Nxc5 9. Nc4 Qd8 10. e5 Nh5 11. Be3 Nxd3 12. Qxd3 d5 13. exd6 exd6 14. Qxd6
Be6 15. Qxd8 Rfxd8 16. Nce5 a6 17. Rfd1 Rac8 18. Rxd8+ Rxd8 19. Kf1 h6 20. h4
Nf6 21. Ke2 Nd5 22. a3 Bf5 23. Rc1 Re8 24. Nc4 Rc8 25. Nd6 Rxc2+ 26. Rxc2 Bxc2
27. Bd4 Bf8 28. Nxb7 Nf4+ 29. Kf1 Bd3+ 30. Kg1 Ne2+ 31. Kh2 Be4 32. Nc5 Bd6+
33. Kh3 Nf4+ 34. Kh2 Nd3+ 35. Kg1 Bxc5 36. Bxc5 Nxc5 37. Nd4 Ne6 38. Ne2 Bc6
39. f3 Kg7 40. Kf2 Kf6 41. Ke3 Ke5 42. g4 g5 43. hxg5 hxg5 44. b4 Nf4 45. Ng3
Nd5+ 46. Kd3 Nf4+ 47. Ke3 Ng2+ 48. Kf2 Nh4 0-1

[Event "Wch Juvenil 2013 sub-14"]
[Site "Al-Ain UAE"]
[Date "2013.12.20"]
[Round "3.3"]
[White "Li, Di"]
[Black "Santos Ruiz, Miguel"]
[Result "1-0"]
[WhiteElo "2091"]
[BlackElo "2307"]
[PlyCount "63"]
[EventDate "2013.12.19"]
[EventType "swiss"]
[EventRounds "11"]
[EventCountry "UAE"]
[Source "lmi"]
[SourceDate "2013.12.19"]

1. d4 Nf6 2. c4 c5 3. d5 b5 4. cxb5 a6 5. bxa6 g6 6. Nc3 Bxa6 7. Nf3 d6 8. e4
Bxf1 9. Kxf1 Bg7 10. g3 O-O 11. Kg2 Qb6 12. Qe2 Qb7 13. a4 Nbd7 14. Bd2 e6 15.
dxe6 fxe6 16. Ng5 Rae8 17. a5 d5 18. a6 Qc6 19. a7 d4 20. Qa6 Qa8 21. f3 dxc3
22. Bxc3 Nxe4 23. Nxe4 Rxf3 24. Rhe1 Bxc3 25. bxc3 Rxc3 26. Kg1 Ne5 27. Nxc3
Nf3+ 28. Kf2 Ng5 29. Ne4 Rf8+ 30. Kg2 Kg7 31. Qe2 Qd5 32. h4 1-0

[Event "Wch Juvenil 2013 sub-14"]
[Site "Al-Ain UAE"]
[Date "2013.12.20"]
[Round "3.4"]
[White "Visakh, Nr"]
[Black "Kozusek, Daniel"]
[Result "0-1"]
[WhiteElo "2303"]
[BlackElo "2090"]
[PlyCount "86"]
[EventDate "2013.12.19"]
[EventType "swiss"]
[EventRounds "11"]
[EventCountry "UAE"]
[Source "lmi"]
[SourceDate "2013.12.19"]

1. c4 Nf6 2. Nc3 e6 3. Nf3 d5 4. d4 Bb4 5. Bg5 O-O 6. e3 h6 7. Bxf6 Qxf6 8. Qb3
c5 9. cxd5 exd5 10. dxc5 Bxc3+ 11. bxc3 Be6 12. Nd4 Nd7 13. Qa3 Rfc8 14. c6
bxc6 15. Ba6 Rc7 16. O-O Rb8 17. f4 Nb6 18. Qd6 Qd8 19. Qe5 Bc8 20. Bd3 Bd7 21.
Rf3 c5 22. Rg3 f6 23. Qh5 cxd4 24. Qxh6 Bc6 25. exd4 Qf8 26. Qh7+ Kf7 27. Re1
Qg8 28. Qh5+ Kf8 29. Rge3 Rd8 30. c4 Rcc8 31. c5 Nc4 32. Re7 Re8 33. Qe2 g6 34.
Qg4 Rxe7 35. Qxc8+ Be8 36. Rxe7 Kxe7 37. f5 gxf5 38. Bxf5 Qg5 39. Qe6+ Kf8 40.
Bd3 Qf4 41. Be2 Qxd4+ 42. Kf1 Nd2+ 43. Ke1 Ne4 0-1

[Event "Wch Juvenil 2013 sub-14"]
[Site "Al-Ain UAE"]
[Date "2013.12.20"]
[Round "3.5"]
[White "Petrov, Vladimir Sergeev"]
[Black "Lorparizangeneh, Shahin"]
[Result "1-0"]
[WhiteElo "2076"]
[BlackElo "2270"]
[PlyCount "111"]
[EventDate "2013.12.19"]
[EventType "swiss"]
[EventRounds "11"]
[EventCountry "UAE"]
[Source "lmi"]
[SourceDate "2013.12.19"]

1. e4 e5 2. Nf3 Nc6 3. Bc4 Bc5 4. c3 Nf6 5. d4 exd4 6. e5 d5 7. Bb5 Ne4 8. cxd4
Bb6 9. O-O O-O 10. Be3 Bg4 11. h3 Bh5 12. Bxc6 bxc6 13. Nc3 Qd7 14. Kh2 f5 15.
Ne2 g5 16. Ng3 Qe8 17. Nxh5 Qxh5 18. Nxg5 Qxd1 19. Rfxd1 f4 20. Nxe4 dxe4 21.
Bd2 Bxd4 22. Bxf4 Bxf2 23. Bh6 Rf7 24. Rac1 c5 25. Rc4 Bd4 26. Rcxd4 cxd4 27.
Rxd4 Re8 28. Rxe4 Rfe7 29. Bf4 Re6 30. Rc4 c6 31. Ra4 Rb8 32. b3 Rb7 33. Kg3
Kf7 34. Kf3 Kg6 35. Ke4 h5 36. g4 hxg4 37. hxg4 Rd7 38. Ra5 Rb7 39. Bd2 Rd7 40.
Be3 Rde7 41. b4 a6 42. Bd4 Kg5 43. Rxa6 Kxg4 44. a4 Re8 45. b5 cxb5 46. Rxe6
Rxe6 47. axb5 Re8 48. b6 Kg5 49. Kd5 Rd8+ 50. Kc5 Kf5 51. b7 Ke6 52. Kc6 Rg8
53. Kc7 Rg7+ 54. Kb6 Rg8 55. Ka7 Rg7 56. Ka8 1-0

[Event "Wch Juvenil 2013 sub-14"]
[Site "Al-Ain UAE"]
[Date "2013.12.20"]
[Round "3.6"]
[White "Liu, Yan"]
[Black "Puccini, Jack"]
[Result "1-0"]
[WhiteElo "2256"]
[BlackElo "2073"]
[PlyCount "61"]
[EventDate "2013.12.19"]
[EventType "swiss"]
[EventRounds "11"]
[EventCountry "UAE"]
[Source "lmi"]
[SourceDate "2013.12.19"]

1. d4 Nf6 2. c4 g6 3. Nc3 Bg7 4. e4 d6 5. f3 O-O 6. Be3 c6 7. Bd3 a6 8. Nge2 e5
9. d5 Nbd7 10. Qd2 cxd5 11. cxd5 b5 12. b4 Nh5 13. a4 Nf4 14. O-O bxa4 15. Rxa4
a5 16. Nb5 f5 17. exf5 Nxd3 18. Qxd3 gxf5 19. f4 Ba6 20. Rxa5 Nc5 21. Bxc5 dxc5
22. Rxa6 Rxa6 23. bxc5 Rh6 24. d6 Qh4 25. h3 Kh8 26. c6 e4 27. Qc4 Rg6 28. Kh2
Bf6 29. g3 Qh5 30. c7 Rh6 31. Ng1 1-0

[Event "Wch Juvenil 2013 sub-14"]
[Site "Al-Ain UAE"]
[Date "2013.12.20"]
[Round "3.7"]
[White "Tran, Minh Thang"]
[Black "Theodorou, Nikolas"]
[Result "1/2-1/2"]
[WhiteElo "2062"]
[BlackElo "2238"]
[PlyCount "87"]
[EventDate "2013.12.19"]
[EventType "swiss"]
[EventRounds "11"]
[EventCountry "UAE"]
[Source "lmi"]
[SourceDate "2013.12.19"]

1. d4 Nf6 2. Nf3 e6 3. g3 b5 4. Bg2 Bb7 5. c4 bxc4 6. Qa4 Nc6 7. Qxc4 Nb4 8. b3
Rb8 9. Bg5 Be7 10. Bxf6 Bxf6 11. Na3 Ba6 12. Qc3 c5 13. Qxc5 Be7 14. Qc1 Nd3+
15. exd3 Qa5+ 16. Ke2 Bxa3 17. Qd2 Bb4 18. Qg5 Qxg5 19. Nxg5 Bc3 20. Rac1 Bxd4
21. Ne4 Ke7 22. Nc5 Bb5 23. a4 Rhc8 24. Nxe6 fxe6 25. axb5 Rxc1 26. Rxc1 Rxb5
27. Rc4 e5 28. b4 Kd8 29. f4 d5 30. Rc2 exf4 31. gxf4 Kd7 32. Ra2 Kc6 33. Ra4
Bb6 34. Kf3 Kc7 35. Kg4 Be3 36. Kf5 Kd6 37. Ra6+ Bb6 38. Ra4 d4+ 39. Kg4 h5+
40. Kg3 g5 41. Be4 Ke6 42. h4 gxf4+ 43. Kxf4 Kf6 44. Kf3 1/2-1/2

[Event "Wch Juvenil 2013 sub-14"]
[Site "Al-Ain UAE"]
[Date "2013.12.20"]
[Round "3.8"]
[White "Atabayev, Saparmyrat"]
[Black "Kololli, Martin"]
[Result "1-0"]
[WhiteElo "2203"]
[BlackElo "2045"]
[PlyCount "67"]
[EventDate "2013.12.19"]
[EventType "swiss"]
[EventRounds "11"]
[EventCountry "UAE"]
[Source "lmi"]
[SourceDate "2013.12.19"]

1. e4 e5 2. Nf3 Nc6 3. Bb5 a6 4. Ba4 Nf6 5. O-O Be7 6. Re1 b5 7. Bb3 d6 8. c3
O-O 9. h3 Nb8 10. d4 Nbd7 11. Nbd2 Bb7 12. Bc2 Re8 13. Nf1 Bf8 14. Ng3 g6 15.
dxe5 Nxe5 16. Nxe5 Rxe5 17. Bf4 Re8 18. Qd2 Bg7 19. Rad1 Nd7 20. Bg5 Qc8 21.
Bh6 Bf6 22. f4 Nb6 23. b3 Bc6 24. Re3 Qb7 25. Qf2 Bg7 26. Bxg7 Kxg7 27. Rf1 f6
28. h4 Rf8 29. h5 Rae8 30. Qe2 Nd7 31. hxg6 hxg6 32. e5 Qb6 33. Bxg6 Kxg6 34.
Qh5+ 1-0

[Event "Wch Juvenil 2013 sub-14"]
[Site "Al-Ain UAE"]
[Date "2013.12.20"]
[Round "3.9"]
[White "Mousseri, Daniel"]
[Black "Plenca, Jadranko"]
[Result "0-1"]
[WhiteElo "2043"]
[BlackElo "2168"]
[PlyCount "100"]
[EventDate "2013.12.19"]
[EventType "swiss"]
[EventRounds "11"]
[EventCountry "UAE"]
[Source "lmi"]
[SourceDate "2013.12.19"]

1. e4 e5 2. Nf3 Nc6 3. Bb5 a6 4. Ba4 Nf6 5. d3 d6 6. c3 Be7 7. O-O O-O 8. Nbd2
b5 9. Bc2 Re8 10. Re1 Bf8 11. Nf1 h6 12. Ng3 Bd7 13. h3 Ne7 14. Nh4 g5 15. Nhf5
Nxf5 16. Nxf5 Bxf5 17. exf5 Qd7 18. Qf3 d5 19. g4 a5 20. Be3 Ra6 21. Re2 d4 22.
Bd2 c5 23. a4 b4 24. cxb4 cxb4 25. Bb3 Rc6 26. Rae1 Rc5 27. Rc1 Rxc1+ 28. Bxc1
e4 29. dxe4 d3 30. Rd2 Qc6 31. Qd1 Rc8 32. e5 Ne4 33. Rxd3 Qxc1 34. e6 Qxd1+
35. Rxd1 Nc5 36. Rc1 Be7 37. exf7+ Kf8 38. Be6 Rd8 39. b3 Nxe6 40. fxe6 Bd6 41.
Kg2 Ke7 42. Re1 Rc8 43. h4 Kf6 44. h5 Be7 45. Re4 Rc2 46. Kf1 Rc3 47. Kg2 Rxb3
48. f4 Rc3 49. fxg5+ hxg5 50. h6 Rc8 0-1

[Event "Wch Juvenil 2013 sub-14"]
[Site "Al-Ain UAE"]
[Date "2013.12.20"]
[Round "3.9"]
[White "Pigeat, Alexandre"]
[Black "Pitkar, Ashutosh"]
[Result "0-1"]
[WhiteElo "2002"]
[BlackElo "1613"]
[PlyCount "70"]
[EventDate "2013.12.19"]
[EventType "swiss"]
[EventRounds "11"]
[EventCountry "UAE"]
[Source "lmi"]
[SourceDate "2013.12.19"]

1. d4 Nf6 2. c4 e6 3. Nc3 Bb4 4. e3 b6 5. Nge2 O-O 6. a3 Bxc3+ 7. Nxc3 d5 8.
Qf3 Bb7 9. Bd3 Nc6 10. cxd5 exd5 11. O-O Re8 12. Ne2 Ne7 13. Ng3 c5 14. h4 Nc6
15. Nf5 Ne4 16. Qg4 Qf6 17. f3 Nd6 18. Ng3 g6 19. h5 Bc8 20. Qf4 Qxf4 21. exf4
Nxd4 22. Rd1 N6f5 23. Nf1 Bb7 24. b4 c4 25. Bxf5 Nxf5 26. g4 Nh4 27. Kf2 gxh5
28. f5 hxg4 29. fxg4 Re4 30. Kg3 Nxf5+ 31. gxf5 d4 32. Bf4 c3 33. Rac1 Rc8 34.
Kg4 Kh8 35. Rxd4 Rxd4 0-1

[Event "Wch Juvenil 2013 sub-14"]
[Site "Al-Ain UAE"]
[Date "2013.12.20"]
[Round "3.10"]
[White "Higgs, Joshua"]
[Black "Liebert, Erwin"]
[Result "1-0"]
[WhiteElo "1824"]
[BlackElo "1526"]
[PlyCount "55"]
[EventDate "2013.12.19"]
[EventType "swiss"]
[EventRounds "11"]
[EventCountry "UAE"]
[Source "lmi"]
[SourceDate "2013.12.19"]

1. e4 e5 2. Nf3 Nc6 3. Bb5 a6 4. Bxc6 dxc6 5. Nc3 Bd6 6. d4 exd4 7. Qxd4 f6 8.
Be3 Ne7 9. h4 Be6 10. O-O-O c5 11. Qd2 b5 12. Bf4 Bxf4 13. Qxf4 Qb8 14. Nd5
Bxd5 15. exd5 Qb6 16. Rhe1 Qd6 17. Qe4 Rd8 18. h5 Rd7 19. Nh4 Kd8 20. Nf5 Nxf5
21. Qxf5 Re7 22. Re6 Qd7 23. Qf3 Qc8 24. Qa3 Rxe6 25. dxe6+ Ke7 26. Qxc5+ Kxe6
27. Re1+ Kd7 28. Qd5# 1-0